Crianza e industrialización del conejo
Guardado en:
| Formato: | Libro |
|---|---|
| Publicado: |
Buenos Aires :
Troquel,
1970
|
| Materias: | |
| Etiquetas: |
Agregar Etiqueta
Sin Etiquetas, Sea el primero en etiquetar este registro!
|
| LEADER | 00426nam a22001575a 4500 | ||
|---|---|---|---|
| 001 | CEM.cems015647 | ||
| 005 | 20090904164601.0 | ||
| 008 | 130507s1970##################000#0#####d | ||
| 003 | CEMS | ||
| 082 | 0 | 4 | |a 636.9 |
| 245 | 0 | 0 | |a Crianza e industrialización del conejo |
| 260 | |a Buenos Aires : |b Troquel, |c 1970 | ||
| 300 | |a 47 p. | ||
| 653 | |a Conejos | ||
| 653 | |a Cunicultura | ||
| 859 | |a CEMS |b BIB. CEMS - Agricultura |h 636.9 |i C867 |p A8771.81 |t Ej.1 | ||
